000 00208nam a2200085Ia 4500
008 170620s9999 xx 000 0 und d
100 _aRatanlal / Dhirajlal
245 4 _aThe Law of Evidence
260 _bNagpur Wadwa & Co.
260 _c2006
999 _c28976
_d28976